Poesie Aymara (Record no. 470)

MARC details
000 -LEADER
campo de control de longitud fija 00424nam a22001457a 4500
008 - DATOS DE LONGITUD FIJA--INFORMACIÓN GENERAL
campo de control de longitud fija 150320b xxu||||| |||| 00| 0 eng d
020 ## - NÚMERO INTERNACIONAL ESTÁNDAR DEL LIBRO
Número Internacional Estándar del Libro 9782882130433
082 ## - NÚMERO DE LA CLASIFICACIÓN DECIMAL DEWEY
Número de clasificación 898.324
Número de ítem L 427p
100 ## - ENTRADA PRINCIPAL--NOMBRE DE PERSONA
Nombre de persona Layme, Felix y Albo, Xavier
9 (RLIN) 2243
245 ## - MENCIÓN DEL TÍTULO
Título Poesie Aymara
260 ## - PUBLICACIÓN, DISTRIBUCIÓN, ETC.
Lugar de publicación, distribución, etc. Suiza
Nombre del editor, distribuidor, etc. PATIÑO
Fecha de publicación, distribución, etc. 2007
300 ## - DESCRIPCIÓN FÍSICA
Extensión 294
Otras características físicas ill
Dimensiones 24 cm
650 ## - PUNTO DE ACCESO ADICIONAL DE MATERIA--TÉRMINO DE MATERIA
Subdivisión general Literatura
-- Poesia
-- Aymara-Sur America
9 (RLIN) 2244
700 ## - ENTRADA AGREGADA--NOMBRE PERSONAL
Nombre de persona Felix Layme y Xavier Albo
9 (RLIN) 2245
Holdings
Estatus retirado Estado de pérdida Fuente del sistema de clasificación o colocación Estado de daño No para préstamo Biblioteca de origen Biblioteca actual Ubicación en estantería Fecha de adquisición Total de préstamos Signatura topográfica completa Código de barras Visto por última vez Precio de reemplazo Tipo de ítem Koha
    Clasificación Decimal Dewey     Biblioteca LadoV Biblioteca LadoV   20/03/2015   898.324 L 427p 000301 20/03/2015 20/03/2015 Material 01